Sports Quiz

Random Sports or Olympics Quiz
Score 0/138 Timer 12:00
0 Plays Today
Olympic Team % Correct
United States of America
98.5%
Russia
94%
Great Britain
92.5%
France
92.5%
Germany
91%
China
91%
Norway
89.6%
Italy
88.1%
Canada
88.1%
India
88.1%
Australia
86.6%
Brazil
86.6%
South Africa
86.6%
Argentina
86.6%
USSR
85.1%
Sweden
85.1%
Finland
85.1%
Switzerland
85.1%
Spain
85.1%
Japan
83.6%
Netherlands
83.6%
Romania
83.6%
Ireland
83.6%
Mexico
82.1%
Egypt
82.1%
Colombia
82.1%
Austria
80.6%
Ukraine
80.6%
Kenya
80.6%
Portugal
80.6%
Serbia
80.6%
Cuba
79.1%
New Zealand
79.1%
Iran
79.1%
Ethiopia
79.1%
Iraq
79.1%
Hungary
77.6%
South Korea
77.6%
Denmark
77.6%
Belgium
77.6%
Turkey
77.6%
Jamaica
77.6%
Czech Republic
77.6%
North Korea
77.6%
Venezuela
77.6%
Uruguay
77.6%
Olympic Team % Correct
Peru
77.6%
Poland
76.1%
Greece
76.1%
Thailand
76.1%
Mongolia
76.1%
Lithuania
76.1%
Chile
76.1%
Saudi Arabia
76.1%
Bulgaria
74.6%
Estonia
74.6%
Slovakia
74.6%
Iceland
74.6%
Paraguay
74.6%
Croatia
73.1%
Indonesia
73.1%
Latvia
73.1%
Panama
73.1%
Belarus
71.6%
Slovenia
71.6%
Morocco
71.6%
Georgia
71.6%
Luxembourg
71.6%
Armenia
70.1%
Syria
70.1%
Haiti
70.1%
Afghanistan
70.1%
East Germany
68.7%
Yugoslavia
68.7%
Pakistan
68.7%
Kazakhstan
67.2%
Algeria
67.2%
Tunisia
67.2%
Dominican Republic
67.2%
Vietnam
67.2%
Ecuador
67.2%
Qatar
67.2%
Uzbekistan
65.7%
Zimbabwe
65.7%
Sudan
65.7%
Azerbaijan
64.2%
Uganda
64.2%
Cameroon
64.2%
Nigeria
62.7%
Costa Rica
62.7%
Malaysia
62.7%
Niger
62.7%
Olympic Team % Correct
Guyana
61.2%
Czechoslovakia
59.7%
Mozambique
59.7%
Suriname
59.7%
Sri Lanka
59.7%
United Arab Emirates
59.7%
Trinidad and Tobago
58.2%
Bahamas
58.2%
Moldova
58.2%
Ghana
58.2%
Zambia
58.2%
Tajikistan
58.2%
Tanzania
58.2%
Namibia
56.7%
Eritrea
56.7%
Liechtenstein
55.2%
Israel
55.2%
Kyrgyzstan
55.2%
Singapore
55.2%
Kuwait
55.2%
Cote d'Ivoire
55.2%
Lebanon
53.7%
Guatemala
53.5%
Philippines
52.2%
Senegal
52.2%
Macedonia
52.2%
Togo
52.2%
Chinese Taipei
49.3%
Barbados
47.8%
Tonga
46.3%
Djibouti
44.8%
Burundi
41.8%
Puerto Rico
32.8%
Mauritius
31.3%
Bermuda
28.4%
Hong Kong
26.9%
Serbia and Montenegro
22.4%
Unified Team
20.9%
Mixed Team
20.9%
Independent Olympic Participants
20.9%
Virgin Islands
13.4%
Australasia
9%
Bohemia
6%
Netherlands Antilles
6%
British West Indies
4.5%
Russian Empire
1.5%
Remove Ads.
Support Sporcle.
Get the best of Sporcle when you Go Orange. This ad-free experience offers more features, more stats, and more fun while also helping to support Sporcle. Thank you for becoming a member.

You're not logged in!

Compare scores with friends on all Sporcle quizzes.
OR
Log In

Show Comments

Extras

Top Quizzes Today


Score Distribution

Your Account Isn't Verified!

In order to create a playlist on Sporcle, you need to verify the email address you used during registration. Go to your Sporcle Settings to finish the process.

Report this User

Report this user for behavior that violates our Community Guidelines.

Details: